02410cam a22004334i 4500003000900000005001700009008004100026020001500067035002700082040003300109049000900142082002100151100003700172245017100209264013100380300005500511336002100566337002500587338002300612505045700635526000901092526000901101526000801110526000801118526000801126610006701134650003601201650003401237650003501271700003701306710007301343942001401416949013701430994001401567596000601581999016201587980005501749952017201804PE-LiUPU20250731183422.0150625s r 000 0 d a9972726053 a(Sirsi) i9789972726057 aPE-LiUPUbspacPE-LiUPUerda aPRUA04a708.985bB922211 aBuntix Armagno, Gustavo,eautor.10aPinacoteca municipal Ignacio Merino :bLXXX aniversario, 1925-2005 /c[investigación histórica y textos, Gustavo Buntinx Armango, Luis Eduardo Wuffarden Revilla]. 1aLima :bMunicipalidad Metropolitana de Lima, Dirección Municipal de Educación y Cultura,c2005 (Lima : Editora Argentina). a348 páginas :bilustraciones ;c32 centímetros atext2rdacontent aunmediated2rdamedia avolume2rdacarrier0 aPinacoteca Municipal Ignacio Merino. -Catálogo. -Pintura colonial. -Costumbristas tardíos. -Ignacio Merino. -Otros académicos. -Académicos tardíos. -La Escuela indigenista en Lima y seguidores. -El indigenismo en las provincias. -De los independientes a Fernando de Szyszlo. -Concursos municipales de pintura. -Concursos municipales de grabado. -Retratos de autoridades locales. -Artistas extranjeros. -Colección Ricardo Palma. -Documentos. aP158 aP146 aP17 aP12 aP062 aPinacoteca Municipal Ignacio Merino (Lima)vAniversarios, etc.04aPintoreszPerúvExposiciones.04aPintura peruanavCatálogos.04aPintura peruanavExposiciones.1 aWuffarden, Luis Eduardo,d1954-.2 a.Lima. Municipalidad. Dirección Municipal de Educación y Cultura 2ddccBOOK a708.985 B92wDEWEYc1i58729lCCODEBUL1mBULp35.00r0sYtBOOKu2015-6-25xINGENIERIAzUNKNOWN0COMPRAo.STAFF. Colección General aC0bPEPRU a1 a708.985 B92wDEWEYc47603i58729f2021-11-9g7lCCODEBUL1mBULp35.00r0sYtBOOKu2015-6-25xINGENIERIAzUNKNOWN0COMPRAo.STAFF. Colección Generald47603 81gALBERTO SANCHEZ Responsable de Automatización r2025-12-02 00:00:00i8l0o708.985 B92p58729te1v40.00w2015-06-25xFIAyBKzinventario-2023-12-13102ddc50708GENfP06aBULbBULcLGRAd2015-06-25eCOMPRAg35.00